A quel manga appartient l'image ? #2 - Statistiques

Statistiques générales
  • Ce quiz a été pris 1 709 fois
  • Le résultat moyen est 13 sur 24
Statistiques - réponses
Par images Réponse % Correct
Hunter x Hunter
99%
Assassination Classroom
93%
Seven Deadly Sins
89%
Spy x Family
89%
Blue Lock
85%
Haikyu
83%
Black Clover
82%
Chainsaw Man
78%
Mashle
69%
Kuroko's Basket
66%
Vinland Saga
63%
Black Butler
61%
Splatoon
51%
Kaiju n°8
49%
Blue Exorcist
48%
Horimiya
35%
Yuyu Hakusho
35%
Edens Zero
26%
Rave
21%
Soul Eater
21%
Blue Period
20%
Platinum End
13%
Twin Star Exorcists
6%
Satan 666
4%
Aucun quiz correspondant
Distribution des résultats
% des personnes avec chaque résultat
Percentile par nombre de réponses
Votre historique - résultats
Vous n’avez pas pris ce quiz